| 000 | 00478nam a2200169Ia 4500 | ||
|---|---|---|---|
| 003 | GCL | ||
| 008 | 140319s9999 xx 000 0 ara d | ||
| 040 |
_aGCL / _cGCL |
||
| 082 | 0 | 4 |
_a791.43 _bل ف |
| 100 | 1 | _aلوسن، جون هوارد | |
| 245 | 1 | 0 |
_aالفيلم فى معركة الافكار / _cلوسن، جون هوارد |
| 700 | 1 | _aاسعد نديم | |
| 490 | _a | ||
| 650 | 0 | 4 | _aالافلام السينمائية |
| 650 | 0 | 4 | _aالسينما |
| 942 |
_2ddc _cBK |
||
| 999 |
_c40199 _d40199 |
||